The craft of scientific writing / Michael Alley.
Record details
- ISBN: 0387947663
- Physical Description: xv, 282 p. : il. ; 24 cm.
- Edition: 3rd ed.
- Publisher: New York, NY : Springer, c1996.
Content descriptions
| Bibliography, etc. Note: | Incluye bibliografía e índice. |
Search for related items by subject
| Subject: | Redacción de escritos técnicos. |
Available copies
- 4 of 4 copies available at IPICYT.
Holds
- 0 current holds with 4 total copies.
Show Only Available Copies
| Location | Call Number / Copy Notes | Barcode | Shelving Location | Status | Due Date |
|---|---|---|---|---|---|
| Biblioteca Ipicyt | T11A4 C7 1996 | LCI00141 | Coleccion General | Available | - |
| Biblioteca Ipicyt | T11A4 C7 1996 | LCI00142 | Coleccion General | Available | - |
| Biblioteca Ipicyt | T11A4 C7 1996 | LCI00143 | Coleccion General | Available | - |
| Biblioteca Ipicyt | T11A4 C7 1996 | LCI00144 | Coleccion General | Available | - |
| LDR | 00757cam a20002174a00 | ||
|---|---|---|---|
| 001 | 2246 | ||
| 003 | CONS | ||
| 005 | 20170323193117.0 | ||
| 006 | aaaafr 1 | ||
| 007 | ta | ||
| 008 | 080515su 1996nyua fr #001 0# #d | ||
| 020 | . | ‡a0387947663 | |
| 050 | 0 | 0. | ‡aT11 ‡bA4 C7 1996 |
| 100 | 1 | . | ‡aAlley, Michael. |
| 245 | 1 | 4. | ‡aThe craft of scientific writing / ‡cMichael Alley. |
| 250 | . | ‡a3rd ed. | |
| 260 | . | ‡aNew York, NY : ‡bSpringer, ‡cc1996. | |
| 300 | . | ‡axv, 282 p. : ‡bil. ; ‡c24 cm. | |
| 504 | . | ‡aIncluye bibliografía e índice. | |
| 650 | 0. | ‡aRedacción de escritos técnicos. | |
| 999 | . | ‡aT11 A4 C7 1996 ‡iLCI00141 ‡lCOL_GRAL ‡tLIBRO | |
| 999 | . | ‡aT11 A4 C7 1996 ‡iLCI00142 ‡lCOL_GRAL ‡tLIBRO | |
| 999 | . | ‡aT11 A4 C7 1996 ‡iLCI00143 ‡lCOL_GRAL ‡tLIBRO | |
| 999 | . | ‡aT11 A4 C7 1996 ‡iLCI00144 ‡lCOL_GRAL ‡tLIBRO | |
| 901 | . | ‡a2246 ‡b ‡c2246 ‡tbiblio ‡sSystem Local | |